Quizzes
Events
Quiz Creation
Community
Videos
Private Events
Remove Ads
Sign In
Join for FREE
Feedback
Dark Mode
Quiz Categories
Sports
Geography
Music
Movies
Television
Just For Fun
Miscellaneous
History
Literature
Language
Science
Gaming
Entertainment
Religion
Holiday
For Kids
Quiz Lab
Recent
Popular Today
Quiz Kudos Today
Editor Picks
Curator Picks
Quizzes by...
Day
Popularity
Type
Ratings
Length
Year
Community
Subscriptions
Recent Discussions
Orange Saloon
Badges
Playlists
Quests
Create
Leaderboards
Showdown
Live 5
Trivia Bingo
Activity
Puzzle Library
Sporcle Events
Private Events
Virtual Trivia
Globe League
Become a Host
Pub Owners
SporcleCon
Opinionation
Our Games
Videos
Blog
Mobile Apps
Partnerships
Remove Ads and Go Orange
Feedback
Sports
Athletes
MLB
NBA
NHL
NFL
Soccer
Sports Teams
WWE
NCAA
Football
Premier League
Basketball
Baseball
Hockey
Golf
Tennis
Cricket
Rugby
Auto Racing
Olympics
World Cup
Sports
Athletes
MLB
NBA
NHL
NFL
Soccer
Sports Teams
WWE
NCAA
Football
Premier League
Basketball
Baseball
Hockey
Golf
Tennis
Cricket
Rugby
Auto Racing
Olympics
World Cup
Random Quiz
Search Sporcle
×
Quiz Lab
Quiz Lab
Sports
Wag
Type in answers that appear in a list
Type in answers that appear in a list
Classic
Best Score? Go Orange.
Romanian WAG Olympians Stats
Can you name the Romanian WAG Olympians?
By
cressida
10m
74 Questions
57 Plays
57 Plays
57 Plays
Comments
Comments
Give Quiz Kudos
Give Quiz Kudos
-
- Ratings
hide this ad
Replay
Link that replays current quiz
Next Quiz
Link to next quiz in quiz playlist
You Got
0%
They Got
Avg Score
30%
Avg Friend Score
Upgrade to see
Score Distribution
Jump to the score distribution portion of the page
Score
0/74
Timer
10:00
0
Plays Today
Year(s)
Gymnast
% Correct
1976/
1980
Nadia Comaneci
91.2%
2008
Sandra Izbasa
89.5%
1996/
2000
Simona Amanar
87.7%
2004
Catalina Ponor
87.7%
2000
Andreea Raducan
86%
1992/
1996
Gina Gogean
63.2%
1992/
1996
Lavinia Milosovici
63.2%
2000
Maria Olaru
61.4%
2004
Oana Ban
54.4%
1988
Daniela Silivas
52.6%
1996
Alexandra Marinescu
52.6%
2008
Steliana Nistor
52.6%
1988
Aurelia Dobre
50.9%
2004
Monica Rosu
50.9%
2004
Daniela Sofronie
50.9%
1976
Teodora Ungureanu
47.4%
2004
Alexandra Eremia
47.4%
1984
Ekaterina szabo
43.9%
1992
Cristina Bontas
40.4%
2000
Loredana Boboc
40.4%
2004
Silvia Stroescu
40.4%
1972
Paula Ion
38.6%
1980
Emilia Eberle
38.6%
1984
Simona Pauca
38.6%
1992
Mirela Pasca
38.6%
1960/
1964
Atanasia Ionescu
36.8%
2008
Gabriela Dragoi
36.8%
2008
Anamaria Tamarjan
36.8%
1984
Lavinia Agache
35.1%
1988
Celestina Popa
35.1%
1972/
1976
Anca Grigoras
31.6%
1980/
1984
Cristina Grigoras
31.6%
1988
Gabriela Potorac
31.6%
2000
Claudia Presacan
31.6%
1964
Elena Popescu
28.1%
1988
Camelia Voinea
28.1%
1996
Mirela Tugurlan
26.3%
Year(s)
Gymnast
% Correct
1992
Vanda Hadarean
24.6%
1980
Rodica Dunca
22.8%
1980
Melita Ruhn
22.8%
1988
Eugenua Golea
22.8%
2008
Andreea Grigore
22.8%
1980
Dumitria Turner
21.1%
2000
Andreea Isarescu
21.1%
1976
Mariana Constantin
19.3%
1984
Laura Cutina
19.3%
1992
Maria Neculita
19.3%
1996
Ionela Loaies
19.3%
1956/
1960/
1964
Sonia Iovan
17.5%
1976
Georgeta Gabor
17.5%
1984
Mihaela Stanulet
17.5%
1952
Olga Munteanu
15.8%
2008
Andreea Acatrinei
15.8%
1956/
1960
Elena Leusteanu
14%
1972
Alina Goreac
14%
1976
Gabriela Trusca
14%
1964/
72
Elena Ceampelea
12.3%
1972
Elisabeta Turcu
7%
1952
Olga Gollner
5.3%
1952
Ileana Gyarfas
5.3%
1952
Eveline Slavici
5.3%
1956
Georgetta Hurmuzachi
5.3%
1956
Elena Margarit
5.3%
1956
Emilia Vatasoiu
5.3%
1964
Cristina Dobosan
5.3%
1972
Marcela Paunescu
5.3%
1952
Elisabeta Abrudan
3.5%
1952
Teofila Baiasu
3.5%
1956
Elena Sacalici
3.5%
1960/
1964
Emilia lita
3.5%
1952
Stela Perim
1.8%
1952
Helga Barsan
1.8%
1960
Uta Porceanu
1.8%
1960
Elena Niculescu
1.8%
Quiz Playlist
Details
Report
Send in Message
Add To Playlist
Classic:
Type in answers that appear in a list
Last Updated: Feb 16, 2017
Quiz Scoreboard
CHALLENGE
Sign Up to Join the Scoreboard
Show All
Scores
Hide
Comments
May contain spoilers
Recently Published
Click the 1999 NBA Draft
by nibperrychub
Sports
2m
Alphabetical 'K' Countries by Flag Minefield
by ylime102
Geography
3m
Pick 6: Fruits
by JohnFran
Miscellaneous
15s
More to Explore
Quiz From the Vault
Featured Blog Post
15 Basketball Trivia Facts You Can Be March Mad About
hide this ad
You Might Also Like...
Tags
Gymnast
Olympian
Romanian
Wag
Today's Top Quizzes in Sports
Browse Sports
hide this ad
Top Contributed Quizzes in Sports
1
Don't Strike Out: 3000 Strikeouts
2
MLB 2 truths and a lie: Hall of Fame pitchers
3
Pick 6: NFL Teams
4
Criteria MLB: Left Handed Sluggers
5
MLB Players with Two .350 Batting Average Seasons
6
2022 World Cup Stars
7
Les joueurs à 100 buts en Ligue 1 Uber Eats
8
Millionaire: NBA Finals Edition
9
Pick 6: Minor League Baseball
10
Last 10 Members of the 500 HR Club in Order
Explore More
Trending Topics
Harry Potter
Marvel
Disney
Crossword
Anime
Kpop
NBA
Country
Song
Puzzle
The Office
WWE
Soccer
Pokémon
NFL
hide this ad
More By:
cressida
Quiz
Plays
Rating
Category
Featured
Created
All-time Olympic WAG Medallists
825
4.67
Sports
Oct 9, 2009
Olympic Women's Gymnastics Uneven Bars Champions
421
3.33
Sports
Sep 28, 2009
Olympic Women's Gymnastics Beam Champions
354
3.00
Sports
Sep 29, 2009
Olympic Women's Gymnastics Vault Champions
297
4.33
Sports
Sep 28, 2009
Olympic Women's Gymnastics Floor Champions
223
Sports
Sep 29, 2009
Go to Creator's Profile
Score Distribution
Quiz Creator Spotlight
cressida
Follow
Send a Message
Quizzes Created
-
Created Quiz Play Count
-
More By This Creator
Popular Quizzes Today
1
Find the US States - No Outlines Minefield
2
Countries of Asia Without Outlines Minefield
3
Pick 6: Fruits
4
The Countries of the World
5
Alphabetical 'K' Countries by Flag Minefield
6
Click the 1999 NBA Draft
7
Find the US States
8
Match the Book to the Film X
More Sports Quizzes
NBA Champion Starters Since 2010
Quiz Lab
Trending Quizzes
Pick 6: Harry Potter
Pick 6: Mountains
Pick 6: NFL Teams
Pick 6: Movie Franchises
Pick 6: Golfers
Recently Updated
Women's Final Four Teams by Year
bhenderson79
Presidents Quartet II
eogle
Anything But Clue(do)
eogle
Anything But Oceanian Capitals
eogle
Anything But 7
eogle
Anything But Thing
eogle
Word Ladder: February 29
pecheneg
Song Title Questions
pecheneg
Women's NCAA Tournament #1 Seeds
pecheneg
Celebrity Mug Shots
pecheneg
Trending Topics
Harry Potter
Disney
NBA
Kpop
Anime
Marvel
Crossword
Country
WWE
Pokémon
Song
The Office
Puzzle
NFL
Soccer
Your Account Isn't Verified!
In order to create a playlist on Sporcle, you need to verify the email address you used during registration. Go to your
Sporcle Settings
to finish the process.
Report this User
Report this user for behavior that violates our
Community Guidelines
.
Details:
Send Report
Go to the Sporcle.com Mobile Site →
Comments